|
|
|
|
| LEADER |
00000naa a2200000uu 4500 |
| 001 |
vtls010962002 |
| 003 |
SK-MaSNL |
| 005 |
20260302121203.0 |
| 008 |
210907|2000 xo |||||||||||||||||ger| |
| 015 |
|
|
|a SNBRA
|
| 035 |
|
|
|a (urnnbn)urn:nbn:sk:snk:ar-a0bskj
|
| 035 |
|
|
|a (uuid)df985da6-e8ac-401c-a9bf-2eb36fb6aa41
|
| 035 |
|
|
|a urn:nbn:sk:snk-aauk7q
|
| 040 |
|
|
|a SNKBUCL
|b slo
|c SNKBUCL
|e AACR2
|
| 041 |
0 |
|
|a ger
|
| 044 |
|
|
|a xo
|c SK
|
| 100 |
1 |
|
|a Franz, Norbert
|4 aut
|9 641034
|
| 245 |
1 |
0 |
|a Entwicklungsstand und Zukunftspläne der deutschen Slavistik
|c Norbert Franz
|
| 773 |
0 |
|
|t Slawistik, Baltistik und Balkanologie in einem neuen Europa
|d Berlin : Staatsbibliothek zu Berlin - Preussischer Kulturbesitz, 2000
|g S. 28-34
|z 388053084X
|
| 958 |
|
|
|a OND
|
| 958 |
|
|
|a article11
|
| 958 |
|
|
|a chapter
|
| 999 |
|
|
|c 1272921
|d 1274851
|